<?xml version="1.0" encoding="UTF-8"?>
<record
    xmlns:xsi="http://www.w3.org/2001/XMLSchema-instance"
    xsi:schemaLocation="http://www.loc.gov/MARC21/slim http://www.loc.gov/standards/marcxml/schema/MARC21slim.xsd"
    xmlns="http://www.loc.gov/MARC21/slim">

  <leader>00925nam a2200277Ia 4500</leader>
  <controlfield tag="005">20231102151937.0</controlfield>
  <controlfield tag="008">120630t20141990mx a          000 0 spa d</controlfield>
  <datafield tag="020" ind1=" " ind2=" ">
    <subfield code="a">9789682433122</subfield>
  </datafield>
  <datafield tag="050" ind1=" " ind2=" ">
    <subfield code="a">BF39</subfield>
    <subfield code="b">M67 1990</subfield>
  </datafield>
  <datafield tag="100" ind1=" " ind2=" ">
    <subfield code="a">Morales, Mar&#xED;a Luisa.</subfield>
    <subfield code="e">autor</subfield>
    <subfield code="9">39832</subfield>
  </datafield>
  <datafield tag="245" ind1="0" ind2="0">
    <subfield code="a">Psicometr&#xED;a aplicada</subfield>
    <subfield code="c">/ Mar&#xED;a Luisa Morales</subfield>
  </datafield>
  <datafield tag="250" ind1=" " ind2=" ">
    <subfield code="a">2a edici&#xF3;n</subfield>
  </datafield>
  <datafield tag="260" ind1=" " ind2=" ">
    <subfield code="a">M&#xE9;xico</subfield>
    <subfield code="b">: Trillas</subfield>
    <subfield code="c">, 1990</subfield>
  </datafield>
  <datafield tag="300" ind1=" " ind2=" ">
    <subfield code="a">254 p&#xE1;ginas.</subfield>
  </datafield>
  <datafield tag="336" ind1=" " ind2=" ">
    <subfield code="a">texto</subfield>
  </datafield>
  <datafield tag="337" ind1=" " ind2=" ">
    <subfield code="a">sin medio</subfield>
  </datafield>
  <datafield tag="338" ind1=" " ind2=" ">
    <subfield code="a">vol&#xFA;men</subfield>
  </datafield>
  <datafield tag="505" ind1=" " ind2=" ">
    <subfield code="a">Incluye bibliograf&#xED;a e &#xED;ndice</subfield>
  </datafield>
  <datafield tag="519" ind1=" " ind2=" ">
    <subfield code="a">Plan Flexible /</subfield>
    <subfield code="b">Psicolog&#xED;a /</subfield>
    <subfield code="c">Psicometr&#xED;a I / (P06-2) /</subfield>
    <subfield code="d">(19 002112)</subfield>
  </datafield>
  <datafield tag="650" ind1=" " ind2=" ">
    <subfield code="a">PSICOMETR&#xCD;A</subfield>
    <subfield code="9">479</subfield>
  </datafield>
  <datafield tag="650" ind1=" " ind2=" ">
    <subfield code="a">TEOR&#xCD;A PSICOM&#xC9;TRICA</subfield>
    <subfield code="9">39385</subfield>
  </datafield>
  <datafield tag="650" ind1=" " ind2=" ">
    <subfield code="a">PRUEBAS PSICOL&#xD3;GICAS</subfield>
    <subfield code="v">MEDICI&#xD3;N</subfield>
    <subfield code="x">INTELIGENCIA</subfield>
    <subfield code="9">39386</subfield>
  </datafield>
  <datafield tag="650" ind1=" " ind2=" ">
    <subfield code="a">PRUEBAS PSICOL&#xD3;GICAS</subfield>
    <subfield code="v">APLICACI&#xD3;N</subfield>
    <subfield code="x">INTELIGENCIA</subfield>
    <subfield code="9">39387</subfield>
  </datafield>
  <datafield tag="650" ind1=" " ind2=" ">
    <subfield code="a">PSICOLOG&#xCD;A CL&#xCD;NICA</subfield>
    <subfield code="v">MEDICI&#xD3;N</subfield>
    <subfield code="9">39388</subfield>
  </datafield>
  <datafield tag="942" ind1=" " ind2=" ">
    <subfield code="c">LB</subfield>
    <subfield code="2">lcc</subfield>
  </datafield>
  <datafield tag="952" ind1=" " ind2=" ">
    <subfield code="0">0</subfield>
    <subfield code="1">0</subfield>
    <subfield code="4">0</subfield>
    <subfield code="7">0</subfield>
    <subfield code="a">19</subfield>
    <subfield code="b">19</subfield>
    <subfield code="d">2016-06-08</subfield>
    <subfield code="l">0</subfield>
    <subfield code="o">BF39 M67 1990</subfield>
    <subfield code="p">19 002112</subfield>
    <subfield code="r">2016-06-08</subfield>
    <subfield code="t">1</subfield>
    <subfield code="w">2016-06-08</subfield>
    <subfield code="y">LB</subfield>
  </datafield>
  <datafield tag="999" ind1=" " ind2=" ">
    <subfield code="c">100030</subfield>
    <subfield code="d">100030</subfield>
  </datafield>
</record>
